[Event "Chioggia op-C 10th"]
[Site "Chioggia"]
[Date "2015.10.10"]
[Round "3"]
[White "Vitale, Caterina"]
[Black "Scagliarini, Massimo"]
[Result "0-1"]
[WhiteElo "1440"]
[BlackElo "1317"]
[PlyCount "96"]
[EventDate "2015.10.09"]
[EventType "swiss"]
[EventRounds "5"]
[EventCountry "ITA"]
[SourceTitle "EXT 2022"]
[Source "ChessBase"]
[SourceDate "2021.10.06"]
[SourceVersion "1"]
[SourceVersionDate "2021.10.06"]
[SourceQuality "1"]

1. e4 e6 2. d4 d5 3. exd5 exd5 4. Nc3 Nf6 5. Bd3 g6 6. Be3 Bg7 7. Nf3 0-0 8. 0-0 Re8 9. Qe2 Ng4 10. Nd1 Nc6 11. h3 Nxe3 12. Nxe3 Nxd4 13. Nxd4 Bxd4 14. c3 Bb6 15. Rfe1 d4 16. cxd4 Bxd4 17. Qd2 c6 18. Rac1 Bb6 19. Rc3 Ba5 20. a3 Bxc3 21. bxc3 a5 22. Nc4 Rxe1+ 23. Qxe1 Be6 24. Qb1 Qe7 25. Nb6 Re8 26. Nc4 Bxc4 27. Bxc4 Qe1+ 28. Qxe1 Rxe1+ 29. Kh2 c5 30. Bd5 b6 31. Bc6 Rc1 32. g4 Rxc3 33. a4 Ra3 34. h4 c4 35. h5 g5 36. Kg2 c3 37. Be4 h6 38. Bd3 Rxa4 39. Kg3 Ra3 40. f3 Ra2 41. Bf5 c2 42. f4 c1Q 43. fxg5 Qxg5 44. Be4 Ra3+ 45. Bf3 f6 46. Kg2 Qe5 47. Bc6 Qe2+ 48. Kh1 Ra1# 0-1